| 000 | 00939nam a22002177a 4500 | ||
|---|---|---|---|
| 003 | OSt | ||
| 005 | 20250911174638.0 | ||
| 008 | 240207b ||||| |||| 00| 0 eng d | ||
| 040 | _c0 | ||
| 082 | _aDPer 621.381 In821 April 2022 v. 37 n. 4 | ||
| 100 |
_aDainov, Anton. _eauthor. _951733 |
||
| 245 |
_aReview and classification of MTPA control algorithms for synchronous motors / _cAnton Dainov, Fabio Tinazzi, Sandro Calligaro, and Silverio Bolognani. |
||
| 260 |
_aNew York ; _bThe Institute of Electrical and Electronics Engineers, Inc. , _cApril 2022. |
||
| 300 |
_aVolume 37, pages 3990-4007 : _billustration ; _c28 cm. |
||
| 500 | _aIEEE Transaction on Power Electronics, vol. 37, no. 4, pages 3990-4007, April 2022. | ||
| 700 |
_aDainov, Anton. _eauthor. _951733 |
||
| 700 |
_aTinazzi, Fabio. _eauthor. _951734 |
||
| 700 |
_aCalligaro, Sandro. _eauthor. _951735 |
||
| 700 |
_aBolognani, Silverio. _eauthor. _951736 |
||
| 942 |
_2ddc _cPER |
||
| 999 |
_c18972 _d18972 |
||